Globalisation of real estate appraisal: a European perspective (Record no. 66342)

MARC details
000 -LEADER
fixed length control field 01424cam a2200241 4500
001 - CONTROL NUMBER
control field ABS63785
008 - FIXED-LENGTH DATA ELEMENTS--GENERAL INFORMATION
fixed length control field 000000n2001 000 0 eng u
035 ## - SYSTEM CONTROL NUMBER
System control number (Sirsi) u111349
100 ## - MAIN ENTRY--PERSONAL NAME
Personal name Edge, J
245 ## - TITLE STATEMENT
Title Globalisation of real estate appraisal: a European perspective
260 ## - PUBLICATION, DISTRIBUTION, ETC.
Date of publication, distribution, etc. 2001
490 ## - SERIES STATEMENT
Series statement Appraisal Journal
Volume/sequential designation 69(1) January 2001, 84-94(11)
520 ## - SUMMARY, ETC.
Summary, etc. Suggests that the time is right for national standard-setting valuation and appraisal societies to influence what is happening internationally. Warns against neglecting what is happening on the interntional stage. For international appraisal methodologies and standards will eventually affect national and local standards. Provides working examples of how the valuation business operates in different parts of the world, especially Europe, and how the prospects for globalisation in this area are emerging. Principal areas in this field, which are considered, include: the development of common valuation standards, valuation concepts, the development of global property consultancy companies servicing global businesses, and the trend towards fair value convention.
590 ## - LOCAL NOTE (RLIN)
Local note ABS
650 ## - SUBJECT ADDED ENTRY--TOPICAL TERM
Topical term or geographic name entry element INTERNATIONAL
650 ## - SUBJECT ADDED ENTRY--TOPICAL TERM
Topical term or geographic name entry element EUROPE
650 ## - SUBJECT ADDED ENTRY--TOPICAL TERM
Topical term or geographic name entry element VALUATION STANDARDS
650 ## - SUBJECT ADDED ENTRY--TOPICAL TERM
Topical term or geographic name entry element GLOBALISATION
650 ## - SUBJECT ADDED ENTRY--TOPICAL TERM
Topical term or geographic name entry element APPRAISAL METHODS
650 ## - SUBJECT ADDED ENTRY--TOPICAL TERM
Topical term or geographic name entry element REAL ESTATE APPRAISAL
690 ## - LOCAL SUBJECT ADDED ENTRY--TOPICAL TERM (OCLC, RLIN)
Topical term or geographic name as entry element PROPERTY-PROPERTY APPRAISAL AND VALUATION
942 ## - ADDED ENTRY ELEMENTS (KOHA)
Suppress in OPAC 0
Holdings
Withdrawn status Lost status Source of classification or shelving scheme Damaged status Not for loan Home library Current library Shelving location Date acquired Total Checkouts Full call number Barcode Date last seen Copy number Price effective from Koha item type
    Dewey Decimal Classification     London London Journal article 12/03/2001   ABS63785 111349-1001 06/08/2019 1 06/08/2019 Journal article